000 00341nam a2200133 i 4500
001 bg
100 1 _aKotarbiński, Tadeusz
_d(1886-1981).
245 0 _aMyśli o ludziach i ludzkich sprawach /
_cT. Kotarbiński.
260 _aWrocław,
_c1986.
040 _cBPK
041 _apol
942 _cKS
008 s pl f |000 0 pol
999 _c23072
_d23072
856 _uhttp://koha.tu.koszalin.pl/cgi-bin/koha/opac-detail.pl?biblionumber=23072
_yKatalog online BPK